MARC details
| 000 -CABECERA |
| campo de control de longitud fija |
03293cam a2200649 a 4500 |
| 003 - IDENTIFICADOR DEL NÚMERO DE CONTROL |
| campo de control |
CHAP |
| 005 - FECHA Y HORA DE LA ÚLTIMA TRANSACCIÓN |
| campo de control |
20220329142817.0 |
| 008 - DATOS DE LONGITUD FIJA--INFORMACIÓN GENERAL |
| campo de control de longitud fija |
040302d2002 mx ad r 10100 spa d |
| 010 ## - NÚMERO DE CONTROL DE LA BIBLIOTECA DEL CONGRESO |
| Número de control de LC |
88115 |
| 011 ## - ENLACE DEL NUMERO DE CONTROL DE LA BIBLIOTECA DEL CONGRESO [OBSOLETO] |
| Número de control de LC |
89087 |
| 020 ## - NÚMERO INTERNACIONAL ESTÁNDAR DEL LIBRO |
| Número Internacional Estándar del Libro |
968-884-582-5 |
| 020 ## - NÚMERO INTERNACIONAL ESTÁNDAR DEL LIBRO |
| Número Internacional Estándar del Libro |
968-884-583-3 |
| 020 ## - NÚMERO INTERNACIONAL ESTÁNDAR DEL LIBRO |
| Número Internacional Estándar del Libro |
968-884-584-1 |
| 020 ## - NÚMERO INTERNACIONAL ESTÁNDAR DEL LIBRO |
| Número Internacional Estándar del Libro |
968-884-585-X |
| 020 ## - NÚMERO INTERNACIONAL ESTÁNDAR DEL LIBRO |
| Número Internacional Estándar del Libro |
968-884-586-8 |
| 020 ## - NÚMERO INTERNACIONAL ESTÁNDAR DEL LIBRO |
| Número Internacional Estándar del Libro |
9688845817 |
| 035 ## - NÚMERO DE CONTROL DEL SISTEMA |
| Número de control de sistema |
99636 |
| 040 ## - FUENTE DE LA CATALOGACIÓN |
| Centro/agencia transcriptor |
CHAP |
| 082 04 - NÚMERO DE LA CLASIFICACIÓN DECIMAL DEWEY |
| Número de clasificación |
631.7063 |
| Número de documento/Ítem |
C8 1999 |
| 111 00 - ENTRADA PRINCIPAL--NOMBRE DE CONGRESO/REUNIÓN |
| Nombre de congreso/reunión o jurisdicción como elemento de entrada |
Curso Internacional de Sistemas de Riego ( |
| Número del congreso/reunión o número de parte o sección |
5 : |
| Fecha del congreso/reunión |
1999 : |
| Sede del congreso/Lugar de la reunión |
Chapingo, Méx.) |
| 9 (RLIN) |
30662 |
| 245 10 - MENCIÓN DE TÍTULO |
| Título |
Memorias |
| Mención de responsabilidad, etc. |
/por UACH. Departamento de Irrigación |
| 260 ## - PUBLICACIÓN, DISTRIBUCIÓN, ETC. |
| Lugar de publicación, distribución, etc. |
Chapingo, Méx. : |
| Nombre del editor, distribuidor, etc. |
UACH. Departamento de Irrigación, |
| Fecha de publicación, distribución, etc. |
1999. |
| 300 ## - DESCRIPCIÓN FÍSICA |
| Extensión |
6 v. : |
| Otras características físicas |
ilus. ; gráfs. ; cuadros |
| 500 ## - NOTA GENERAL |
| Nota general |
Contenido : v.1 - ?Porqué es importante el riego?, Diseño agronómico de los sistemas de riego, Calendarización del riego en tiempo real v.2 - Hidráulica de sistemas de riego presurizado, Tecnificación del riego presurizado, Funcionamiento hidráulico de los sistemas de riego presurizado v.3 - Nivelación de tierras mediante tecnología laser, Diseño de riego por gravedad, Riego por surcos, Riego con tuberías de multicompuertas y equipos de fertiirrigación v.4 - Equipos de bombeo, Sistemas de riego por aspersión portátil, Pivote central, Normas nacionales e internacionales del subsector riego v.5 - Fisiología y nutrición vegetal, Sistemas de producción hidropónicos v.6 - Riego por goteo, Diseño y manejo de sistemas de microirrigación, Irrigación con goteo subsuperficial, Caso práctico de microirrigación |
| 590 ## - NOTA LOCAL (RLIN) |
| Nota local |
BATCH-UPD |
| Procedencia (VM) [OBSOLETO] |
10 |
| Condición del los carretes individuales (VM) [OBSOLETO] |
20130110 |
| -- |
UCH01 |
| -- |
0214 |
| 590 ## - NOTA LOCAL (RLIN) |
| Nota local |
BATCH-UPD |
| Procedencia (VM) [OBSOLETO] |
10 |
| Condición del los carretes individuales (VM) [OBSOLETO] |
20130110 |
| -- |
UCH01 |
| -- |
0852 |
| 590 ## - NOTA LOCAL (RLIN) |
| Nota local |
BATCH-UPD |
| Procedencia (VM) [OBSOLETO] |
10 |
| Condición del los carretes individuales (VM) [OBSOLETO] |
20130409 |
| -- |
UCH01 |
| -- |
2232 |
| 590 ## - NOTA LOCAL (RLIN) |
| Nota local |
BATCH-UPD |
| Procedencia (VM) [OBSOLETO] |
10 |
| Condición del los carretes individuales (VM) [OBSOLETO] |
20130410 |
| -- |
UCH01 |
| -- |
0947 |
| 590 ## - NOTA LOCAL (RLIN) |
| Nota local |
BATCH-UPD |
| Procedencia (VM) [OBSOLETO] |
10 |
| Condición del los carretes individuales (VM) [OBSOLETO] |
20130914 |
| -- |
UCH01 |
| -- |
0656 |
| 590 ## - NOTA LOCAL (RLIN) |
| Nota local |
BATCH-UPD |
| Procedencia (VM) [OBSOLETO] |
10 |
| Condición del los carretes individuales (VM) [OBSOLETO] |
20130914 |
| -- |
UCH01 |
| -- |
2144 |
| 590 ## - NOTA LOCAL (RLIN) |
| Nota local |
CONVERSION |
| Procedencia (VM) [OBSOLETO] |
10 |
| Condición del los carretes individuales (VM) [OBSOLETO] |
20130109 |
| -- |
UCH01 |
| -- |
1349 |
| 650 14 - PUNTO DE ACCESO ADICIONAL DE MATERIA--TÉRMINO DE MATERIA |
| Término de materia o nombre geográfico como elemento de entrada |
Bombeo. |
| 9 (RLIN) |
13625 |
| 650 14 - PUNTO DE ACCESO ADICIONAL DE MATERIA--TÉRMINO DE MATERIA |
| Término de materia o nombre geográfico como elemento de entrada |
Calendario para irrigación. |
| 9 (RLIN) |
17464 |
| 650 14 - PUNTO DE ACCESO ADICIONAL DE MATERIA--TÉRMINO DE MATERIA |
| Término de materia o nombre geográfico como elemento de entrada |
Ingeniería hidráulica. |
| 9 (RLIN) |
58235 |
| 650 14 - PUNTO DE ACCESO ADICIONAL DE MATERIA--TÉRMINO DE MATERIA |
| Término de materia o nombre geográfico como elemento de entrada |
Irrigación. |
| 9 (RLIN) |
60366 |
| 650 14 - PUNTO DE ACCESO ADICIONAL DE MATERIA--TÉRMINO DE MATERIA |
| Término de materia o nombre geográfico como elemento de entrada |
Microirrigación. |
| 9 (RLIN) |
75516 |
| 650 14 - PUNTO DE ACCESO ADICIONAL DE MATERIA--TÉRMINO DE MATERIA |
| Término de materia o nombre geográfico como elemento de entrada |
Plantas |
| Subdivisión general |
Nutrición. |
| 9 (RLIN) |
88874 |
| 650 14 - PUNTO DE ACCESO ADICIONAL DE MATERIA--TÉRMINO DE MATERIA |
| Término de materia o nombre geográfico como elemento de entrada |
Riego de superficie. |
| 9 (RLIN) |
97372 |
| 650 14 - PUNTO DE ACCESO ADICIONAL DE MATERIA--TÉRMINO DE MATERIA |
| Término de materia o nombre geográfico como elemento de entrada |
Riego por aspersión. |
| 9 (RLIN) |
97375 |
| 650 14 - PUNTO DE ACCESO ADICIONAL DE MATERIA--TÉRMINO DE MATERIA |
| Término de materia o nombre geográfico como elemento de entrada |
Riego por aspersión. |
| 9 (RLIN) |
97375 |
| 650 14 - PUNTO DE ACCESO ADICIONAL DE MATERIA--TÉRMINO DE MATERIA |
| Término de materia o nombre geográfico como elemento de entrada |
Riego por goteo. |
| 9 (RLIN) |
97380 |
| 650 14 - PUNTO DE ACCESO ADICIONAL DE MATERIA--TÉRMINO DE MATERIA |
| Término de materia o nombre geográfico como elemento de entrada |
Riego presurizado. |
| 9 (RLIN) |
97385 |
| 650 14 - PUNTO DE ACCESO ADICIONAL DE MATERIA--TÉRMINO DE MATERIA |
| Término de materia o nombre geográfico como elemento de entrada |
Sistemas de riego. |
| 9 (RLIN) |
106772 |
| 650 14 - PUNTO DE ACCESO ADICIONAL DE MATERIA--TÉRMINO DE MATERIA |
| Término de materia o nombre geográfico como elemento de entrada |
Tierras |
| Subdivisión general |
Nivelación. |
| 9 (RLIN) |
113119 |
| 700 00 - PUNTO DE ACCESO ADICIONAL--NOMBRE DE PERSONA |
| Nombre de persona |
García Herrera, Francisco |
| Término indicativo de función/relación |
ed. |
| 9 (RLIN) |
46137 |
| 700 00 - PUNTO DE ACCESO ADICIONAL--NOMBRE DE PERSONA |
| Nombre de persona |
Martínez Elizondo, René |
| Término indicativo de función/relación |
ed. |
| 9 (RLIN) |
72011 |
| 700 00 - PUNTO DE ACCESO ADICIONAL--NOMBRE DE PERSONA |
| Nombre de persona |
Sánchez Bravo, Juan Rafael |
| Término indicativo de función/relación |
ed. |
| 9 (RLIN) |
107372 |
| 901 ## - ELEMENTOS DE DATOS A LOCAL LDA (RLIN) |
| a |
BK |
| 905 ## - ELEMENTOS DE DATOS E LOCAL, LDE (RLIN) |
| a |
Alejandra Carrasco M. |
| 942 ## - ELEMENTOS DE PUNTO DE ACCESO ADICIONAL (KOHA) |
| Tipo de ítem Koha |
Libro |
| 949 ## - PROCESAMIENTO DE INFORMACIÓN LOCAL (OCLC) |
| a |
631.7063 C8 1999 |
| b |
BC |
| c |
CONG |
| d |
33724000907986 |
| e |
CONG |
| f |
v.6 |
| h |
104193 |
| i |
99636 |
| s |
b |
| 949 ## - PROCESAMIENTO DE INFORMACIÓN LOCAL (OCLC) |
| a |
631.7063 C8 1999 |
| b |
BC |
| c |
CONG |
| d |
33724000908042 |
| e |
CONG |
| f |
v.5 |
| h |
104192 |
| i |
99636 |
| s |
b |
| 949 ## - PROCESAMIENTO DE INFORMACIÓN LOCAL (OCLC) |
| a |
631.7063 C8 1999 |
| b |
BC |
| c |
CONG |
| d |
33724000908109 |
| e |
CONG |
| f |
v.4 |
| h |
104191 |
| i |
99636 |
| s |
b |
| 949 ## - PROCESAMIENTO DE INFORMACIÓN LOCAL (OCLC) |
| a |
631.7063 C8 1999 |
| b |
BC |
| c |
CONG |
| d |
33724000908166 |
| e |
CONG |
| f |
v.3 |
| h |
104190 |
| i |
99636 |
| s |
b |
| 949 ## - PROCESAMIENTO DE INFORMACIÓN LOCAL (OCLC) |
| a |
631.7063 C8 1999 |
| b |
BC |
| c |
CONG |
| d |
33724000908224 |
| e |
CONG |
| f |
v.2 |
| h |
104189 |
| i |
99636 |
| s |
b |
| 949 ## - PROCESAMIENTO DE INFORMACIÓN LOCAL (OCLC) |
| a |
631.7063 C8 1999 |
| b |
BC |
| c |
CONG |
| d |
33724000908349 |
| e |
CONG |
| f |
v.1 |
| h |
104188 |
| i |
99636 |
| s |
b |